000 00650nam a22002177a 4500
003 0
005 20260123130232.0
008 260123b xxu||||| |||| 00| 0 eng d
020 _a971-630-001-8
050 _aFIL 676.8
_bOr65 1992
082 _aFIL 676.8
_bOr65 1992
100 _aOrdoñez, Elmer A.
245 _aEmilio Aguinaldo
_cElmer A. Ordoñez
260 _aManila :
_bTahanan Books for Young Readers,
_c1992.
300 _a31 pages :
_billustrations ;
_c26 cm.
440 _aGreat lives
504 _aIncludes bibliographical references.
600 _aAguinaldo, Emilio.
650 _aHeroes
_zPhilippines
_vBiography.
942 _2ddc
_cBK
999 _c368754
_d368754